000 00330nam a22001457a 4500
008 221212b ||||| |||| 00| 0 eng d
020 _a9780131649897
041 _aeng
080 _2second edition
_a159.9
082 _a159.9 POS
100 _a25
101 _aPSI
245 _aPREDICATE LOGIC
_cPOSPESEL H
942 _2udc
_cBK
999 _c59157
_d59157